North American freshwater mussels : natural history, ecology, and conservation /

Bibliographic Details
Main Author: Haag, Wendell R.
Corporate Author: ebrary, Inc
Format: eBook
Language:English
Published: Cambridge [England] ; New York : Cambridge University Press, [2012]
Subjects:
Online Access:Connect to the full text of this electronic book

MARC

Tag First Indicator Second Indicator Subfields
LEADER 00000cam a2200000Ia 4500
001 in00002781600
006 m d
007 cr cn|||||||||
008 120203s2012 enk ob 001 0 eng d
005 20250816210014.8
010 |z  2012004664 
020 |z 9780521199384 (hardback) 
020 |z 9781139553995 (ebook) 
035 |a (CaPaEBR)ebr10591056 
040 |a CaPaEBR  |c CaPaEBR  |d UtOrBLW 
050 1 4 |a QL430.6  |b .H28 2012eb 
082 0 4 |a 594/.4  |2 23 
100 1 |a Haag, Wendell R. 
245 1 0 |a North American freshwater mussels :  |b natural history, ecology, and conservation /  |c Wendell R. Haag. 
264 1 |a Cambridge [England] ;  |a New York :  |b Cambridge University Press,  |c [2012] 
264 4 |c ©2012 
300 |a 1 online resource (xvi, 505 pages) 
336 |a text  |b txt  |2 rdacontent 
337 |a computer  |b c  |2 rdamedia 
338 |a online resource  |b cr  |2 rdacarrier 
504 |a Includes bibliographical references and index. 
500 |a Electronic resource. 
650 0 |a Freshwater mussels  |x Conservation  |z North America. 
650 0 |a Freshwater mussels  |z North America. 
655 7 |a Electronic books.  |2 local 
710 2 |a ebrary, Inc. 
856 4 0 |u https://ebookcentral.proquest.com/lib/tamucs/detail.action?docID=989146  |y Connect to the full text of this electronic book  |t 0 
980 |a 120925  |b 140  |c USD  |e 140  |f YBP_EBR0000043082  |g 1 
999 f f |s 3dda9df7-f3c8-36cd-bff1-1ff1ff29012e  |i 1c90869a-f0f5-363c-8a35-b15c82d2cbbe  |t 0 
999 |a MARS 
952 f f |a Texas A&M University  |b College Station  |c Electronic Resources  |d Available Online  |t 0  |e QL430.6 .H28 2012eb  |h Library of Congress classification 
998 f f |a QL430.6 .H28 2012eb  |t 0  |l Available Online